[Event "Ogolnopolski-ch 55th"]
[Site "Zamosc"]
[Date "2013.??.??"]
[Round "1"]
[White "Winski, Lukasz"]
[Black "Laszewicz, Pawel"]
[Result "1-0"]
[WhiteElo "2121"]
[BlackElo "2165"]
[PlyCount "35"]
[EventDate "2013.06.07"]
[EventType "swiss"]
[EventRounds "9"]
[EventCountry "POL"]
[SourceTitle "EXT 2014"]
[Source "ChessBase"]
[SourceDate "2013.11.20"]
[SourceVersion "1"]
[SourceVersionDate "2013.11.20"]
[SourceQuality "1"]

1. e4 e5 2. Nf3 Nf6 3. d4 Nxe4 4. dxe5 d5 5. Nbd2 Nxd2 6. Qxd2 Be7 7. Bd3 Nc6 8. Qf4 Nb4 9. Bb5+ Bd7 10. e6 0-0 11. Bxd7 Nxc2+ 12. Kd1 Nxa1 13. exf7+ Kh8 14. Be8 Bd6 15. Qf5 c6 16. Ng5 g6 17. Qh3 Kg7 18. Ne6+ 1-0

[Event "Warsaw Najdorf Memorial op-A 10th"]
[Site "Warsaw"]
[Date "2012.08.08"]
[Round "3"]
[White "Winski, Lukasz"]
[Black "Skawinski, Arkadiusz"]
[Result "0-1"]
[WhiteElo "2124"]
[BlackElo "2311"]
[PlyCount "84"]
[EventDate "2012.08.06"]
[EventType "swiss"]
[EventRounds "9"]
[EventCountry "POL"]
[SourceTitle "CBM 149 Extra"]
[Source "ChessBase"]
[SourceDate "2012.08.24"]
[SourceVersion "1"]
[SourceVersionDate "2012.08.24"]
[SourceQuality "1"]

1. e4 e6 2. d4 d5 3. Nc3 Bb4 4. e5 c5 5. a3 Bxc3+ 6. bxc3 Qa5 7. Bd2 Qa4 8. Qb1 c4 9. h4 Nc6 10. h5 h6 11. g3 Nge7 12. Bg2 Bd7 13. Nh3 0-0-0 14. 0-0 Kb8 15. Nf4 Nc8 16. Bh3 Nb6 17. Qc1 Ka8 18. Ng2 Qa5 19. a4 Nxa4 20. f4 g6 21. Ne3 Ne7 22. g4 Rdg8 23. Kh2 gxh5 24. f5 Qc7 25. fxe6 fxe6 26. gxh5 Rg7 27. Ng4 Nf5 28. Nf6 Rf7 29. Bf4 Qc6 30. Qe1 b5 31. Rg1 Qc7 32. Rg4 Ng7 33. Rg6 Bc8 34. Qg3 Ne8 35. Rg1 a6 36. Ng4 Nxc3 37. Nxh6 Ne2 38. Nxf7 Qxf7 39. Qf2 Qxf4+ 40. Qxf4 Nxf4 41. Rg8 Rxh5 42. Kg3 Nxh3 0-1

[Event "EU-ch rapid"]
[Site "Warsaw"]
[Date "2010.12.18"]
[Round "2"]
[White "Winski, Lukasz"]
[Black "Anisimov, Pavel"]
[Result "0-1"]
[WhiteElo "2114"]
[BlackElo "2532"]
[PlyCount "92"]
[EventDate "2010.12.18"]
[EventType "swiss (rapid)"]
[EventRounds "13"]
[EventCountry "POL"]
[SourceTitle "CBM 139 Extra"]
[Source "ChessBase"]
[SourceDate "2011.01.05"]
[SourceVersion "1"]
[SourceVersionDate "2011.01.05"]
[SourceQuality "1"]

1. e4 c5 2. c3 Nf6 3. e5 Nd5 4. d4 cxd4 5. cxd4 d6 6. Nf3 Nc6 7. exd6 Qxd6 8. Nc3 Bg4 9. Be2 e6 10. 0-0 Be7 11. Be3 0-0 12. h3 Bh5 13. Qb3 a6 14. Nxd5 Qxd5 15. Qxd5 exd5 16. g4 Bg6 17. Ne5 Rac8 18. Nxc6 Rxc6 19. Bf3 Rd8 20. Rac1 Bc2 21. Bd1 Bd3 22. Rxc6 bxc6 23. Re1 Bb4 24. Bg5 f6 25. Re3 Bb1 26. Rb3 a5 27. a3 Ba2 28. Rf3 fxg5 29. axb4 axb4 30. Rf5 h6 31. Ba4 Rd6 32. Re5 Kf7 33. Rf5+ Ke7 34. Re5+ Kd7 35. Bc2 Bc4 36. b3 Ba6 37. Kg2 Kd8 38. Kg3 Rf6 39. Bf5 g6 40. Bc2 Bc8 41. f3 Bd7 42. Bd3 Be8 43. Re1 Rf4 44. Ra1 Rxd4 45. Ra8+ Ke7 46. Ra7+ Kd6 0-1

[Event "Warsaw Najdorf Memorial op-B"]
[Site "Warsaw"]
[Date "2010.07.21"]
[Round "6"]
[White "Winski, Lukasz"]
[Black "Bobula, Mateusz"]
[Result "0-1"]
[WhiteElo "2115"]
[BlackElo "2387"]
[PlyCount "48"]
[EventDate "2010.07.17"]
[EventType "swiss"]
[EventRounds "9"]
[EventCountry "POL"]
[SourceTitle "CBM 137 Extra"]
[Source "ChessBase"]
[SourceDate "2010.09.01"]
[SourceVersion "1"]
[SourceVersionDate "2010.09.01"]
[SourceQuality "1"]

1. e4 e6 2. d4 d5 3. Nc3 Bb4 4. e5 c5 5. a3 Bxc3+ 6. bxc3 Ne7 7. Qg4 0-0 8. Bd3 f5 9. exf6 Rxf6 10. Bg5 Rf7 11. Qh4 h6 12. Nf3 Nbc6 13. Ne5 Nxe5 14. dxe5 hxg5 15. Qh7+ Kf8 16. Qh8+ Ng8 17. h4 g4 18. Bg6 Rf4 19. Bh7 Kf7 20. g3 Rf3 21. Bg6+ Kxg6 22. h5+ Kf7 23. h6 Qg5 24. Rh5 Qg6 0-1

[Event "Warsaw Najdorf Memorial op-B"]
[Site "Warsaw"]
[Date "2010.07.20"]
[Round "4"]
[White "Winski, Lukasz"]
[Black "Krzyzanowski, Marcin"]
[Result "0-1"]
[WhiteElo "2115"]
[BlackElo "2377"]
[PlyCount "72"]
[EventDate "2010.07.17"]
[EventType "swiss"]
[EventRounds "9"]
[EventCountry "POL"]
[SourceTitle "CBM 137 Extra"]
[Source "ChessBase"]
[SourceDate "2010.09.01"]
[SourceVersion "1"]
[SourceVersionDate "2010.09.01"]
[SourceQuality "1"]

1. e4 c5 2. Nf3 d6 3. c3 Nf6 4. Be2 g6 5. 0-0 Bg7 6. Re1 0-0 7. Bf1 e5 8. h3 Re8 9. a4 d5 10. d3 dxe4 11. dxe4 Qxd1 12. Rxd1 Nxe4 13. Bb5 Nc6 14. a5 a6 15. Bxc6 bxc6 16. Nbd2 Nd6 17. Nb3 Nb7 18. Be3 Bf8 19. Nfd2 Be6 20. Ra4 Rab8 21. f3 Red8 22. Re1 Bd5 23. Kf1 f5 24. Ke2 Bf7 25. Rc1 Rd7 26. Re1 Nd8 27. Nc1 f4 28. Ne4 Kg7 29. Bxc5 Rxb2+ 30. Kf1 Ne6 31. Bb6 h5 32. Ne2 Be7 33. Rc4 Ng5 34. Rxc6 Nxe4 35. fxe4 g5 36. Bc7 Bf6 0-1

[Event "Milanowek-ch"]
[Site "Milanowek"]
[Date "2010.07.02"]
[Round "7"]
[White "Winski, Lukasz"]
[Black "Liberadzki, Slawomir"]
[Result "1/2-1/2"]
[WhiteElo "2115"]
[BlackElo "2007"]
[PlyCount "35"]
[EventDate "2010.06.26"]
[EventType "swiss"]
[EventRounds "9"]
[EventCountry "POL"]
[SourceTitle "EXT 2011"]
[Source "ChessBase"]
[SourceDate "2010.11.26"]
[SourceVersion "1"]
[SourceVersionDate "2010.11.26"]
[SourceQuality "1"]

1. e4 c5 2. c3 Nf6 3. e5 Nd5 4. d4 cxd4 5. cxd4 e6 6. Nc3 Nc6 7. Nf3 d6 8. exd6 Bxd6 9. Bd3 h6 10. 0-0 0-0 11. Re1 b6 12. a3 Nce7 13. Ne4 Bb7 14. Ne5 Nf5 15. Qg4 Be7 16. Be3 Nfxe3 17. fxe3 Nf6 18. Nxf6+ 1/2-1/2

[Event "Warsaw AIG Life rapid 9th"]
[Site "Warsaw"]
[Date "2009.12.19"]
[Round "2"]
[White "Olszewski, Michal"]
[Black "Winski, Lukasz"]
[Result "1-0"]
[WhiteElo "2541"]
[BlackElo "2115"]
[PlyCount "65"]
[EventDate "2009.12.19"]
[EventType "swiss (rapid)"]
[EventRounds "13"]
[EventCountry "POL"]
[SourceTitle "CBM 133 Extra"]
[Source "ChessBase"]
[SourceDate "2010.01.05"]
[SourceVersion "1"]
[SourceVersionDate "2010.01.05"]
[SourceQuality "1"]

1. d4 Nf6 2. c4 e6 3. Nf3 Bb4+ 4. Nbd2 b6 5. a3 Bxd2+ 6. Qxd2 Bb7 7. e3 Ne4 8. Qc2 d6 9. Be2 Nd7 10. 0-0 0-0 11. b4 f5 12. d5 e5 13. Nd2 Nxd2 14. Bxd2 c6 15. dxc6 Bxc6 16. Bc3 Qg5 17. g3 f4 18. exf4 exf4 19. Qd2 Ne5 20. Qxd6 Nf3+ 21. Bxf3 Bxf3 22. Rae1 Rad8 23. Qe6+ Kh8 24. Re5 Qf6 25. Qxf6 gxf6 26. Rf5 Rd3 27. Bxf6+ Kg8 28. Rxf4 Re8 29. Bd4 Rd8 30. Be3 Bc6 31. b5 Bb7 32. a4 Rd1 33. g4 1-0

[Event "POL-chT U19 1st League"]
[Site "Chotowa"]
[Date "2009.07.??"]
[Round "7"]
[White "Strzemiecki, Zbigniew"]
[Black "Winski, Lukasz"]
[Result "1/2-1/2"]
[WhiteElo "2314"]
[BlackElo "2075"]
[PlyCount "61"]
[EventDate "2009.07.06"]
[EventType "team-tourn"]
[EventRounds "9"]
[EventCountry "POL"]
[SourceTitle "EXT 2012"]
[Source "ChessBase"]
[SourceDate "2011.11.24"]
[SourceVersion "1"]
[SourceVersionDate "2011.11.24"]
[SourceQuality "1"]
[WhiteTeam "Warszawa Polonia U19"]
[BlackTeam "Bialystok MUKS Stoczek 45 U19"]
[WhiteTeamCountry "POL"]
[BlackTeamCountry "POL"]

1. e4 e6 2. d4 d5 3. Nd2 Nf6 4. e5 Nfd7 5. Bd3 c5 6. c3 Nc6 7. Ne2 Be7 8. 0-0 Qb6 9. Nf3 f5 10. exf6 Nxf6 11. Nf4 cxd4 12. cxd4 0-0 13. Re1 Re8 14. Ng5 Bd7 15. Ngxe6 Bd6 16. Bd2 Bxf4 17. Nxf4 Qxd4 18. Be3 Qb4 19. a3 Qxb2 20. Nxd5 Nxd5 21. Bc4 Be6 22. Bxd5 Rad8 23. Bxe6+ Rxe6 24. Qg4 Rde8 25. Rab1 Qxa3 26. Rxb7 Qc3 27. Rf1 a5 28. h4 Qf6 29. Rc1 Ne5 30. Qg3 Qg6 31. Rcc7 1/2-1/2

[Event "POL-chT U19 1st League"]
[Site "Chotowa"]
[Date "2009.07.??"]
[Round "3"]
[White "Winski, Lukasz"]
[Black "Sabuk, Piotr"]
[Result "0-1"]
[WhiteElo "2075"]
[BlackElo "2216"]
[PlyCount "88"]
[EventDate "2009.07.06"]
[EventType "team-tourn"]
[EventRounds "9"]
[EventCountry "POL"]
[SourceTitle "EXT 2012"]
[Source "ChessBase"]
[SourceDate "2011.11.24"]
[SourceVersion "1"]
[SourceVersionDate "2011.11.24"]
[SourceQuality "1"]
[WhiteTeam "Bialystok MUKS Stoczek 45 U19"]
[BlackTeam "Legnica Miedz U19"]
[WhiteTeamCountry "POL"]
[BlackTeamCountry "POL"]

1. e4 e5 2. Nf3 Nc6 3. Bb5 a6 4. Ba4 Nf6 5. 0-0 Be7 6. Re1 b5 7. Bb3 d6 8. c3 0-0 9. h3 Nd7 10. d4 Bf6 11. d5 Ne7 12. Nbd2 g6 13. a3 Bg7 14. Nf1 Bb7 15. Ng3 Nf6 16. c4 c6 17. dxc6 Bxc6 18. cxb5 axb5 19. Bd2 Qd7 20. Bb4 Rfd8 21. Qe2 h6 22. Rad1 Qc7 23. Qc2 Rd7 24. Nxe5 dxe5 25. Rxd7 Qxd7 26. Bxe7 Rc8 27. Bxf6 Bxf6 28. Rd1 Qb7 29. Qe2 Be8 30. Nf1 Kg7 31. Qg4 h5 32. Qf3 Rd8 33. Bd5 Qb8 34. Ne3 b4 35. axb4 Qxb4 36. Nc4 Rxd5 37. exd5 Qxc4 38. d6 Bc6 39. Qe3 Qb5 40. b3 Bd8 41. Qc3 Bb6 42. Qc4 Qxc4 43. bxc4 Kf6 44. c5 Bd8 0-1

[Event "Bialystok Bieluczyk Memorial-A 1st"]
[Site "Bialystok"]
[Date "2009.06.21"]
[Round "3"]
[White "Winski, Lukasz"]
[Black "Murza, Adam"]
[Result "1-0"]
[WhiteElo "2075"]
[BlackElo "2093"]
[PlyCount "59"]
[EventDate "2009.06.20"]
[EventType "tourn"]
[EventRounds "9"]
[EventCountry "POL"]
[SourceTitle "EXT 2010"]
[Source "ChessBase"]
[SourceDate "2010.11.25"]
[SourceVersion "1"]
[SourceVersionDate "2010.11.25"]
[SourceQuality "1"]

1. e4 c5 2. c3 e6 3. d4 d5 4. e5 Nc6 5. Nf3 Qb6 6. a3 Bd7 7. b4 c4 8. a4 a6 9. Be2 f5 10. 0-0 Nh6 11. Bf4 Nf7 12. Nbd2 Be7 13. h4 Qd8 14. Nxc4 dxc4 15. d5 exd5 16. Qxd5 Qc8 17. Bxc4 Ncd8 18. Nd4 Bc6 19. Qa5 Be4 20. Bxf7+ Nxf7 21. f3 Bd3 22. e6 Nh6 23. Bxh6 gxh6 24. Nxf5 Qxc3 25. Rfc1 Qf6 26. Nxe7 Qxe7 27. Rc7 Qxh4 28. Qd5 Qf6 29. Qd7+ Kf8 30. e7+ 1-0

[Event "Warsaw Najdorf Memorial op-A 06th"]
[Site "Warsaw"]
[Date "2008.08.07"]
[Round "6"]
[White "Winski, Lukasz"]
[Black "Walentukiewicz, Michal"]
[Result "1/2-1/2"]
[WhiteElo "2045"]
[BlackElo "2200"]
[PlyCount "23"]
[EventDate "2008.08.02"]
[EventType "swiss"]
[EventRounds "9"]
[EventCountry "POL"]
[SourceTitle "CBM 125 Extra"]
[Source "ChessBase"]
[SourceDate "2008.09.01"]
[SourceVersion "1"]
[SourceVersionDate "2008.09.01"]
[SourceQuality "1"]

1. e4 g6 2. d4 Bg7 3. Nc3 d6 4. f4 c6 5. a4 Nf6 6. Nf3 0-0 7. Bd3 Bg4 8. h3 Bxf3 9. Qxf3 Na6 10. e5 dxe5 11. dxe5 Nd5 12. Nxd5 1/2-1/2

[Event "Warsaw Najdorf Memorial op-A 06th"]
[Site "Warsaw"]
[Date "2008.08.02"]
[Round "1"]
[White "Vedrickas, Tautvydas"]
[Black "Winski, Lukasz"]
[Result "1-0"]
[WhiteElo "2288"]
[BlackElo "2045"]
[PlyCount "61"]
[EventDate "2008.08.02"]
[EventType "swiss"]
[EventRounds "9"]
[EventCountry "POL"]
[SourceTitle "CBM 125 Extra"]
[Source "ChessBase"]
[SourceDate "2008.09.01"]
[SourceVersion "1"]
[SourceVersionDate "2008.09.01"]
[SourceQuality "1"]

1. d4 Nf6 2. c4 e6 3. Nf3 b6 4. g3 Ba6 5. Qc2 Be7 6. e4 d5 7. cxd5 Bxf1 8. Kxf1 exd5 9. e5 Ne4 10. Kg2 0-0 11. Nc3 Nxc3 12. bxc3 c5 13. h4 h5 14. Ng5 g6 15. e6 f5 16. g4 hxg4 17. Nf7 Qc8 18. h5 Qxe6 19. hxg6 Rxf7 20. gxf7+ Qxf7 21. Rh6 Bf8 22. Rh4 Be7 23. Rh1 Bd6 24. Bg5 Nd7 25. Rh4 Nf8 26. Rah1 Ng6 27. Rh7 Qe6 28. R1h6 Bf8 29. Rh8+ Kf7 30. R6h7+ Ke8 31. Qa4+ 1-0

[Event "Ehrenfeuchts Memorial U18 8th"]
[Site "Warsaw"]
[Date "2007.12.28"]
[Round "4.2"]
[White "Wojtaszewski, Piotr"]
[Black "Winski, Lukasz"]
[Result "0-1"]
[WhiteElo "1924"]
[BlackElo "2048"]
[PlyCount "58"]
[EventDate "2007.12.27"]
[EventType "swiss"]
[EventRounds "9"]
[EventCountry "POL"]
[SourceTitle "EXT 2023"]
[Source "ChessBase"]
[SourceDate "2022.10.05"]
[SourceVersion "1"]
[SourceVersionDate "2022.10.05"]
[SourceQuality "1"]

1. e4 e6 2. d4 d5 3. Nd2 Nf6 4. g3 b6 5. Bg2 Bb7 6. e5 Nfd7 7. Ngf3 c5 8. 0-0 Nc6 9. Re1 Qc7 10. Qe2 Be7 11. Nf1 0-0-0 12. c3 h6 13. dxc5 g5 14. b4 g4 15. N3d2 Qxe5 16. Ne3 Qxc3 17. Rb1 Nd4 18. Qd1 Qd3 19. Bf1 Nf3+ 20. Kh1 Qg6 21. Nxf3 gxf3 22. Bd3 Qh5 23. Bb2 d4 24. Nc4 Nf6 25. Re5 Qg4 26. b5 Bxc5 27. Rxc5+ bxc5 28. Qa4 Ne4 29. Qc2 Nxg3+ 0-1